Top 10 Countries With The Most Tornadoes - Statistics

General Stats
  • This quiz has been taken 104 times
  • The average score is 7 of 10
Answer Stats
Hint Answer % Correct
1,200 United States of America
100%
61 Canada
89%
108 China
88%
50 Mexico
86%
100 Russia
86%
17 France
72%
41 United Kingdom
67%
23 Japan
63%
32 Italy
54%
18 Philippines
25%
No matching quizzes found
Score Distribution
Percent of People with Each Score
Percentile by Number Answered
Your Score History
You have not taken this quiz